<?xml version="1.0" encoding="UTF-8"?><?xml-stylesheet type="text/xsl" href="static/style.xsl"?><OAI-PMH xmlns="http://www.openarchives.org/OAI/2.0/" xmlns:xsi="http://www.w3.org/2001/XMLSchema-instance" xsi:schemaLocation="http://www.openarchives.org/OAI/2.0/ http://www.openarchives.org/OAI/2.0/OAI-PMH.xsd"><responseDate>2026-04-30T06:56:23Z</responseDate><request verb="GetRecord" identifier="oai:repisalud.isciii.es:20.500.12105/8744" metadataPrefix="marc">https://repisalud.isciii.es/rest/oai/request</request><GetRecord><record><header><identifier>oai:repisalud.isciii.es:20.500.12105/8744</identifier><datestamp>2025-06-18T08:59:27Z</datestamp><setSpec>com_20.500.12105_2052</setSpec><setSpec>com_20.500.12105_2051</setSpec><setSpec>com_20.500.12105_15322</setSpec><setSpec>col_20.500.12105_19608</setSpec><setSpec>col_20.500.12105_19613</setSpec><setSpec>col_20.500.12105_16963</setSpec><setSpec>col_20.500.12105_16964</setSpec></header><metadata><record xmlns="http://www.loc.gov/MARC21/slim" xmlns:dcterms="http://purl.org/dc/terms/" xmlns:doc="http://www.lyncode.com/xoai" xmlns:xsi="http://www.w3.org/2001/XMLSchema-instance" xsi:schemaLocation="http://www.loc.gov/MARC21/slim http://www.loc.gov/standards/marcxml/schema/MARC21slim.xsd">
   <leader>00925njm 22002777a 4500</leader>
   <datafield ind2=" " ind1=" " tag="042">
      <subfield code="a">dc</subfield>
   </datafield>
   <datafield ind2=" " ind1=" " tag="720">
      <subfield code="a">Galan, Iñaki</subfield>
      <subfield code="e">author</subfield>
   </datafield>
   <datafield ind2=" " ind1=" " tag="720">
      <subfield code="a">Simon Mendez, Lorena</subfield>
      <subfield code="e">author</subfield>
   </datafield>
   <datafield ind2=" " ind1=" " tag="720">
      <subfield code="a">Flores, Víctor</subfield>
      <subfield code="e">author</subfield>
   </datafield>
   <datafield ind2=" " ind1=" " tag="720">
      <subfield code="a">Ortiz Burgos, Cristina</subfield>
      <subfield code="e">author</subfield>
   </datafield>
   <datafield ind2=" " ind1=" " tag="720">
      <subfield code="a">Fernandez-Cuenca, Rafael</subfield>
      <subfield code="e">author</subfield>
   </datafield>
   <datafield ind2=" " ind1=" " tag="720">
      <subfield code="a">Linares-Gil, Cristina</subfield>
      <subfield code="e">author</subfield>
   </datafield>
   <datafield ind2=" " ind1=" " tag="720">
      <subfield code="a">Boldo, Elena</subfield>
      <subfield code="e">author</subfield>
   </datafield>
   <datafield ind2=" " ind1=" " tag="720">
      <subfield code="a">Medrano, Maria Jose</subfield>
      <subfield code="e">author</subfield>
   </datafield>
   <datafield ind2=" " ind1=" " tag="720">
      <subfield code="a">Pastor-Barriuso, Roberto</subfield>
      <subfield code="e">author</subfield>
   </datafield>
   <datafield ind2=" " ind1=" " tag="260">
      <subfield code="c">2015-12-01</subfield>
   </datafield>
   <datafield ind2=" " ind1=" " tag="520">
      <subfield code="a">OBJECTIVE: Recent research has assessed the impact of tobacco laws on cardiovascular and respiratory morbidity. In this study, we also examined whether the association between the implementation of the 2005 Spanish smoking ban and hospital admissions for cardiovascular and respiratory diseases varies according to the adjustment for potential confounders. DESIGN: Ecological time series analysis. SETTING: Residents of Madrid and Barcelona cities (Spain). OUTCOME: Data on daily emergency room admissions for acute myocardial infarction, cerebrovascular disease, chronic obstructive pulmonary disease (COPD), and asthma derived from the 2003-2006 Spanish hospital admissions registry. METHODS: Changes in admission rates between 2006 and the 2003-2005 period were estimated using additive Poisson models allowing for overdispersion adjusted for secular trend in admission, seasonality, day of the week, temperature, number of flu and acute respiratory infection cases, pollution levels, tobacco consumption prevalence and, for asthma cases, pollen count. RESULTS: In Madrid, fully adjusted models failed to detect significant changes in hospital admission rates for any disease during the study period. In Barcelona, however, hospital admissions decreased by 10.2% (95% CI 3.8% to 16.1%) for cerebrovascular diseases and by 16.0% (95% CI 7.0% to 24.1%) for COPD. Substantial changes in effect estimates were observed on adjustment for linear or quadratic trend. Effect estimates for asthma-related admissions varied substantially when adjusting for pollen count in Madrid, and for seasonality and tobacco consumption in Barcelona. CONCLUSIONS: Our results confirm that the potential impact of a smoking ban must be adjusted for the underlying secular trend. In asthma-related admissions, pollen count, seasonality and tobacco consumption must be specified in the model. The substantial variability in effects detected between the two cities of Madrid and Barcelona lends strong support for a nationwide study to assess the overall effect of a smoking ban in Spain and identify the causes of the observed heterogeneity.</subfield>
   </datafield>
   <datafield ind1="8" ind2=" " tag="024">
      <subfield code="a">BMJ Open. 2015 Dec 1;5(12):e008892.</subfield>
   </datafield>
   <datafield ind1="8" ind2=" " tag="024">
      <subfield code="a">10.1136/bmjopen-2015-008892</subfield>
   </datafield>
   <datafield ind1="8" ind2=" " tag="024">
      <subfield code="a">2044-6055</subfield>
   </datafield>
   <datafield ind1="8" ind2=" " tag="024">
      <subfield code="a">2044-6055</subfield>
   </datafield>
   <datafield ind1="8" ind2=" " tag="024">
      <subfield code="a">BMJ open</subfield>
   </datafield>
   <datafield ind1="8" ind2=" " tag="024">
      <subfield code="a">26628524</subfield>
   </datafield>
   <datafield ind1="8" ind2=" " tag="024">
      <subfield code="a">http://hdl.handle.net/20.500.12105/8744</subfield>
   </datafield>
   <datafield tag="653" ind2=" " ind1=" ">
      <subfield code="a">Epidemiology</subfield>
   </datafield>
   <datafield tag="653" ind2=" " ind1=" ">
      <subfield code="a">Public health</subfield>
   </datafield>
   <datafield ind2="0" ind1="0" tag="245">
      <subfield code="a">Assessing the effects of the Spanish partial smoking ban on cardiovascular and respiratory diseases: methodological issues</subfield>
   </datafield>
</record></metadata></record></GetRecord></OAI-PMH>